000 01930nam a2200445 c 4500
999 _c178225
_d178225
003 BLK
005 20230311141322.0
008 180411b bul|||||r ||||||| ||bul||
010 _aKNG00186930000
020 _a978-954-9535-65-5
040 _aBLK
041 _aBUL
_cBUL
072 7 _2bullib
_aН92
_xИстория Н
080 _aИстория на Втората световна война (1939-1945)
_b94(100) "1939/1945"
_z94(100) "1939/1945"
100 1 _aЕдсъл, Робърт М.
_eпърви автор
_966741
139 _aЕдсъл, Робърт М. и др.
_bЕ 34
245 1 0 _aПазители на наследството
_bНай-мащабното търсене на съкровища в историята
_cРобърт М. Едсъл; съавт. Брет Уитър; прев. от англ. Влади Райчинов; * Владимир Николаев Райчинов.
257 _aUSA
260 _bВакон
_c2014
_fСофия : Алианс принт
300 _a472 с.
_bс ил.
_c21 см
380 _a9
500 _aОриг. загл. The Monuments Men / Robert M. Edsel.
650 4 _aВтора световна война
_9266732
650 4 _aЕвропа - изкуство
_9292240
650 4 _aКонфискация - Европа
_9341236
651 4 _aЕвропа
_9244407
653 _aВтора световна война
653 _aизобразително изкуство
653 _aкражби
653 _aконфискации
659 _aН
700 1 _aУитър, Брет
_eсъавт.
_9132793
700 1 _aРайчинов, Влади
_eпрев. от англ.
_9372330
700 1 _aРайчинов, Владимир Николаев
_e*
_9368024
852 _aЦб 279818
856 4 _qpdf
856 4 _qpdf
942 _cKNG
_n0
_s1
_01
944 _aCR
_c09.03.2016
_lф /
_kВиолета_Тройчева
944 _aED
_c27.01.2017
_lф /
_kЛюдмила_Стоянова
999 _d178225